| 000 | 00606nam a22001937a 4500 | ||
|---|---|---|---|
| 005 | 20251108164227.0 | ||
| 008 | 250721s2011 xx 000 0 ara d | ||
| 082 | 1 | 4 | _aم/214.6/زغب |
| 100 | 1 | _aالزغبي، محمد بن عبد الملك | |
| 245 | 1 | 0 | _aموسوعة العقيدة الصحيحة / |
| 264 | 1 |
_aالقاهرة : _bدار الغد الجديد، _c2011. |
|
| 300 | _a895ص. | ||
| 650 | 1 | 7 | _aالعقيدة الدينية |
| 650 | 1 | 7 | _aالاسلام |
| 650 | 1 | 7 | _aاصول الدين الاسلامي |
| 650 | 1 | 7 | _aاركان الايمان |
| 942 |
_2ddc _cREF |
||
| 999 |
_c6890 _d6890 |
||